000 00306nam a22001457a 4500
008 210607b ||||| |||| 00| 0 eng d
020 _a9780470879535
041 _aeng
080 _29th
_a53
082 _a53
100 _a43
101 _aFIZ
245 _aPhysics
_cJohn D. Cutnell
942 _2udc
_cBK
999 _c58030
_d58030